Pendu - Villes françaises - Aléatoire - Statistiques

Statistiques générales
  • Ce quiz a été pris 156 fois
  • Le résultat moyen est 5 sur 8
Statistiques - réponses
Lettre % Correct
A
100%
A
100%
A
100%
A
100%
A
100%
A
100%
A
100%
A
100%
A
100%
A
100%
E
100%
E
100%
E
100%
E
100%
E
100%
E
100%
I
100%
M
100%
N
100%
N
100%
N
100%
O
100%
R
100%
R
100%
R
100%
R
100%
S
100%
T
100%
B
80%
Ç
80%
E
80%
I
80%
N
80%
N
80%
O
80%
O
80%
C
75%
C
75%
E
75%
H
75%
I
75%
I
75%
I
75%
L
75%
L
75%
L
75%
O
75%
O
75%
O
75%
P
75%
R
75%
R
75%
S
75%
U
75%
U
75%
A
67%
A
67%
E
67%
E
67%
E
67%
O
67%
R
67%
U
67%
U
67%
U
67%
U
63%
I
60%
M
60%
N
60%
U
60%
U
60%
U
60%
O
57%
R
57%
C
50%
H
50%
M
50%
N
50%
O
50%
S
50%
T
50%
G
43%
N
43%
G
40%
G
40%
L
40%
P
40%
S
40%
T
40%
B
33%
B
33%
D
33%
G
33%
X
33%
B
29%
L
29%
B
25%
I
25%
C
0%
H
0%
M
0%
U
0%
V
0%
X
0%
Aucun quiz correspondant
Distribution des résultats
% des personnes avec chaque résultat
Percentile par nombre de réponses
Votre historique - résultats
Vous n’avez pas pris ce quiz